Matt Smith Movies - Statistics

General Stats
  • This quiz has been taken 4 times
  • The average score is 2 of 6
Answer Stats
Release Year Costars Movie % Correct
2022 Jared Leto, Tyrese Gibson Morbius
75%
2021 Anya Taylor Joy, Thomasin McKenzie Last Night in Soho
50%
2015 Arnold Schwarzenegger, Emilia Clarke Terminator Genisys
50%
2018 Hannah Murray, Suki Waterhouse Charlie Says
25%
2016 Lily James, Bella Heathcote Pride and Prejudice and Zombies
25%
2018 Natalie Dormer, Stanley Tucci Patient Zero
0%
No matching quizzes found
Score Distribution
Percent of People with Each Score
Percentile by Number Answered
Your Score History
You have not taken this quiz